Thinking processes: Going beyond the surface curriculum (Record no. 1398164)

MARC details
000 -LEADER
fixed length control field 00683nam a2200217Ia 4500
005 - DATE AND TIME OF LATEST TRANSACTION
control field 20250508165920.0
008 - FIXED-LENGTH DATA ELEMENTS--GENERAL INFORMATION
fixed length control field 008 250505s9999 xx 000 0 eng d
020 ## - INTERNATIONAL STANDARD BOOK NUMBER
International Standard Book Number 0-582-28125-3
037 ## - SOURCE OF ACQUISITION
Stock number TextBook
040 ## - CATALOGING SOURCE
Original cataloging agency FEDL
Language of cataloging eng
Transcribing agency FEDL
041 ## - LANGUAGE CODE
Language code of text/sound track or separate title eng
Source of code eng
084 ## - COLON CLASSIFICATION NUMBER
Classification number 153.42, LIN/R
Assigning agency FEDL
100 ## - MAIN ENTRY--PERSONAL NAME
Personal name Ling Quah May Ed.
9 (RLIN) 782400
245 #0 - TITLE STATEMENT
Title Thinking processes: Going beyond the surface curriculum
260 ## - PUBLICATION, DISTRIBUTION, ETC.
Place of publication, distribution, etc. Singapore
Name of publisher, distributor, etc. Prentice- Hall
Date of publication, distribution, etc. 1998
300 ## - PHYSICAL DESCRIPTION
Extent xii, 443p.
546 ## - LANGUAGE NOTE
Language note Gifted by H.O.D. Namita Ranganathan in memory of Prof. Arvind Gaysu
700 ## - ADDED ENTRY--PERSONAL NAME
Personal name Kam Ho Wah Ed.
9 (RLIN) 782401
942 ## - ADDED ENTRY ELEMENTS (KOHA)
Koha item type Textbook
Classification part 153.42, LIN/R
Holdings
Withdrawn status Lost status Damaged status Not for loan Home library Current library Date acquired Total Checkouts Full call number Barcode Date last seen Price effective from Koha item type
        Department of Education Library Department of Education Library 2025-05-08   153.42, LIN/R EL0091824 2025-05-08 2025-05-08 Textbook
Copyright @ Delhi University Library System